|
|
|
|
| LEADER |
00000cam a2200000Ia 4500 |
| 001 |
SCIDIR_on1292345813 |
| 003 |
OCoLC |
| 005 |
20231120010627.0 |
| 006 |
m o d |
| 007 |
cr |n||||||||| |
| 008 |
220115s2021 xx o 000 0 eng d |
| 040 |
|
|
|a YDX
|b eng
|c YDX
|d OPELS
|d OCLCO
|d UKAHL
|d OCLCF
|d N$T
|d OCLCO
|d UKMGB
|d OCLCQ
|d OCLCO
|
| 015 |
|
|
|a GBC173502
|2 bnb
|
| 016 |
7 |
|
|a 020188606
|2 Uk
|
| 019 |
|
|
|a 1292034481
|a 1292066502
|a 1292143268
|
| 020 |
|
|
|a 9780128223567
|q (electronic bk.)
|
| 020 |
|
|
|a 0128223561
|q (electronic bk.)
|
| 020 |
|
|
|z 9780128223512
|
| 035 |
|
|
|a (OCoLC)1292345813
|z (OCoLC)1292034481
|z (OCoLC)1292066502
|z (OCoLC)1292143268
|
| 050 |
|
4 |
|a QD322.S95
|
| 082 |
0 |
4 |
|a 572.566
|2 23
|
| 245 |
0 |
0 |
|a Polysaccharide nanoparticles
|h [electronic resource] :
|b preparation and biomedical applications /
|c edited by Jayachandran Venkatesan, Se-Kwon Kim, Sukumaran Anil, Rekha P.D.
|
| 260 |
|
|
|a [S.l.] :
|b Elsevier,
|c 2021.
|
| 300 |
|
|
|a 1 online resource
|
| 336 |
|
|
|a text
|2 rdacontent
|
| 337 |
|
|
|a computer
|2 rdamedia
|
| 338 |
|
|
|a online resource
|2 rdacarrier
|
| 490 |
0 |
|
|a Micro and nano technologies
|
| 588 |
0 |
|
|a Print version record.
|
| 650 |
|
0 |
|a Polysaccharides
|x Synthesis.
|
| 650 |
|
0 |
|a Polysaccharides
|x Biotechnology.
|
| 650 |
|
0 |
|a Polysaccharides
|x Therapeutic use.
|
| 650 |
|
6 |
|a Polysaccharides
|0 (CaQQLa)201-0011180
|x Biotechnologie.
|0 (CaQQLa)201-0378829
|
| 650 |
|
6 |
|a Polysaccharides
|0 (CaQQLa)201-0011180
|x Emploi en th�erapeutique.
|0 (CaQQLa)201-0373975
|
| 650 |
|
7 |
|a Polysaccharides
|x Biotechnology
|2 fast
|0 (OCoLC)fst01070797
|
| 650 |
|
7 |
|a Polysaccharides
|x Synthesis
|2 fast
|0 (OCoLC)fst01070800
|
| 700 |
1 |
|
|a Venkatesan, Jayachandran.
|
| 700 |
1 |
|
|a Kim, Se-Kwon.
|
| 700 |
1 |
|
|a Anil, Sukumaran.
|
| 700 |
1 |
|
|a P. D., Rekha.
|
| 776 |
0 |
8 |
|i Print version:
|z 0128223510
|z 9780128223512
|w (OCoLC)1164498387
|
| 856 |
4 |
0 |
|u https://sciencedirect.uam.elogim.com/science/book/9780128223512
|z Texto completo
|